| 000 | 00698cam a2200229 a 4500 | ||
|---|---|---|---|
| 001 | 11295641 | ||
| 003 | GBCCL | ||
| 005 | 20241126110427.0 | ||
| 008 | 121207s2011 ii g b 000 0 eng d | ||
| 020 | _a9789385080586 | ||
| 035 | _a(OCoLC)ocn835466834 | ||
| 035 | _a11295641 | ||
| 040 |
_aIiNdDKA _beng _cIiNdDKA _dCtY-D |
||
| 050 | 4 |
_aBT707.7 _b.M36 2011 |
|
| 082 | 0 | 4 |
_a248.83 _223 _bMAN |
| 100 | 1 |
_aManokaran, J. N. _94905 |
|
| 245 | 1 | 0 |
_aChrist and new generation youth : _btransformed youth for transforming world _cby J.N. Manokaran. |
| 260 |
_aHyderabad : _bG S Books, _c2016. |
||
| 300 |
_a206 p. ; _c22 cm. |
||
| 650 | 0 |
_aYouth _xReligious aspects _xChristianity. _94906 |
|
| 942 |
_2ddc _cBK _018 |
||
| 999 |
_c2366 _d2366 |
||